| 000 | 00416nam a2200169Ia 4500 | ||
|---|---|---|---|
| 008 | 230524s9999 xx 000 0 und d | ||
| 082 |
_a302.231 _bRIL |
||
| 100 |
_aJames M.Gere _911781 |
||
| 245 | 0 | _aMechanics of Materials | |
| 250 | _a2ND | ||
| 260 |
_aSINGAPORE _bCBS _c2004 |
||
| 300 | _a762 | ||
| 500 | _aQuantity Number: 1 | ||
| 650 | _aMechanics | ||
| 700 |
_a Stephen P.Timoshenko _911782 |
||
| 942 | _cBK | ||
| 999 |
_c16049 _d16049 |
||